| 000 | 00708nam a2200277Ia 4500 | ||
|---|---|---|---|
| 008 | 210210b2007 xxu||||| |||| 00| 0 eng d | ||
| 020 | _a8131601196 | ||
| 041 | _aeng | ||
| 082 | _a320.8 SINW | ||
| 100 | _aSINGLA (Pamela) | ||
| 245 |
_aWomens participation in panchayati raj: nature and effectiveness _bNorthern India perspective |
||
| 260 |
_aJaipur _bRawat Publications _c2007 |
||
| 300 | _aix,285 | ||
| 650 | _aWomen | ||
| 650 | _as | ||
| 650 | _aReservation | ||
| 650 | _araj: | ||
| 650 | _aparticipation | ||
| 650 | _apanchayati | ||
| 650 | _anature | ||
| 650 | _ain | ||
| 650 | _aeffectiveness | ||
| 650 | _aand | ||
| 690 | _aSocial Welfare Problems & Services | ||
| 906 | _a064819 | ||
| 999 |
_c141761 _d141761 |
||